| 000 | 00354cam a2200145ua 4500 | ||
|---|---|---|---|
| 041 |
_ahin _h |
||
| 082 |
_a89154 _bKUS/YA |
||
| 100 | _aKusham, cHANDRAN . | ||
| 245 |
_alaksh kath Kki vpsi / _cKusham Chandran. _hTextual Documents |
||
| 260 |
_a : _bRajpal and Sanch , _c1962. |
||
| 300 | _a235 ; . | ||
| 504 | _a | ||
| 942 | _cBK | ||
| 999 |
_c12314 _d12314 |
||